Manual de processo administrativo disciplinar e sindicância : (Record no. 222)

MARC details
000 -LÍDER
Campo Fixo de Controle 00957cam a2200253 a 4500
001 - NÚMERO DE CONTROLE
Campo de Controle 222
003 - IDENTIFICAÇÃO DO NÚMERO DE CONTROLE
Campo de Controle BR-CuiBMT
005 - DATA E HORA DA ÚLTIMA ATUALIZAÇÃO
Campo de Controle 20231114033953.0
008 - DADOS FIXOS
Dados Fixos 230831s2021 mgb 000 0 por d
020 ## - INTERNATIONAL STANDARD BOOK NUMBER
Nº do ISBN 9786555180589
040 ## - AGÊNCIA CATALOGADORA
Código da Agência Catalogadora BR-CuiBMT
Agência que transcreveu o registro BR-CuiBMT
080 ## - Nº DA CLASSIFICAÇÃO DECIMAL UNIVERSAL
Nº Class. CDU 35.077.3
Nº edição CDU 2007
090 ## - NÚMERO DE CHAMADA
Nº classificação 35.077.3
Cutter C331m
Ano/Edição 7. ed.
100 1# - ENTRADA PRINCIPAL -- AUTOR PESSOAL
Nome pessoal Carvalho, Antonio Carlos Alencar
245 10 - TÍTULO PRINCIPAL
Título principal Manual de processo administrativo disciplinar e sindicância :
Subtítulo à luz da jursiprudência dos tribunais e da casuística da administração pública /
Indicação de responsabilidade Antonio Carlos Alencar Carvalho ; prefácio da 1. ed. Min. Marco Aurélio Mello.
250 ## - EDIÇÃO
Edição 7. ed., rev., atual. e aum.
260 ## - PUBLICAÇÃO, DISTRIBUIÇÃO, ETC.
Local de publicação Belo Horizonte :
Editora Fórum,
Data 2021.
300 ## - DESCRIÇÃO FÍSICA
N. páginas ou volumes 2170 p. ;
Dimensões 24 cm
504 ## - NOTA DE BIBLIOGRAFIA, ETC.
Nota de bibliografia Inclui bibliografia.
650 ## - ASSUNTO TÓPICO
Cabeçalho tópico ou nome geográfico Processo administrativo
Subdivisão geográfica Brasil
650 ## - ASSUNTO TÓPICO
Cabeçalho tópico ou nome geográfico Sindicância administrativa
Subdivisão geográfica Brasil
650 ## - ASSUNTO TÓPICO
Cabeçalho tópico ou nome geográfico Processo disciplinar
Subdivisão geral Jurisprudência
Subdivisão geográfica Brasil
942 ## - ELEMENTOS DE ENTRADA ADICIONAIS (KOHA)
Fonte de classificação ou esquema de arquivamento Classificação Decimal Universal
Tipo de item do Koha Livros
Holdings
Estado: removido Estado: perdido Fonte de classificação ou esquema de arquivamento Estado: danificado Indisponível para empréstimo Localização permanente Localização atual Data de aquisição Total Checkouts Número de Chamada completo Código de barras Date last seen Número do exemplar Preço efetivo a partir de Tipo de item (Koha)
    Classificação Decimal Universal     Biblioteca da Escola Superior de Contas do TCE/MT Biblioteca da Escola Superior de Contas do TCE/MT 28/06/2023   35.077.3 C331m 7. ed. BIBTCEMT23080201 31/08/2023 Ex. 1 31/08/2023 Livros

Powered by Koha